000 00431nam a2200169Ia 4500
008 230711s9999||||xx |||||||||||||| ||und||
020 _a978-81-203-3270-6
041 _aENG
082 _a621.395
_bME-P
100 _aMeena,K
245 0 _aPrinciples of Digital Electronics
250 _a4th Ed.
260 _c2009
_aNew Delhi
_bPHI Learning Private Limited
300 _a267p.
650 _aElectronics Engineering
942 _cBK
999 _c6613
_d6613